A reader's guide to Herman Melville. / (Record no. 18239)
[ view plain ]
| 000 -LEADER | |
|---|---|
| fixed length control field | 00904cam a22002651 4500 |
| 001 - CONTROL NUMBER | |
| control field | 18239 |
| 003 - CONTROL NUMBER IDENTIFIER | |
| rucl marc code | BD-RjUL |
| 005 - DATE AND TIME OF LATEST TRANSACTION | |
| control field | 20211209000245.0 |
| 008 - FIXED-LENGTH DATA ELEMENTS--GENERAL INFORMATION | |
| fixed length control field | 191224s1962 nyu f 000 0beng |
| 035 ## - SYSTEM CONTROL NUMBER | |
| System control number | (BD-RjUL)18297 |
| 040 ## - CATALOGING SOURCE | |
| Original cataloging agency | DLC |
| Transcribing agency | DLC |
| Modifying agency | DLC |
| Language of cataloging | eng |
| 041 ## - LANGUAGE CODE | |
| Language code of text/sound track or separate title | eng |
| 082 00 - DEWEY DECIMAL CLASSIFICATION NUMBER | |
| Classification number | 813.3 |
| Edition number | 21 |
| Author mark and year | MIR 1962 |
| 100 1# - MAIN ENTRY--PERSONAL NAME | |
| Personal name | Miller, James E. |
| Fuller form of name | (James Edwin), |
| Dates associated with a name | 1920-2010. |
| 9 (RLIN) | 236834 |
| 245 12 - TITLE STATEMENT | |
| Title | A reader's guide to Herman Melville. / |
| Statement of responsibility, etc. | James E Miller, |
| 260 ## - PUBLICATION, DISTRIBUTION, ETC. (IMPRINT) | |
| Place of publication, distribution, etc. | New York : |
| Name of publisher, distributor, etc. | Farrar, Straus and Cudahy , |
| Date of publication, distribution, etc. | [1962] |
| 300 ## - PHYSICAL DESCRIPTION | |
| Pagination | 266 p. : |
| Size | 21 cm. |
| 504 ## - BIBLIOGRAPHY, ETC. NOTE | |
| Bibliography, etc | Includes bibliography. |
| 600 10 - SUBJECT ADDED ENTRY--PERSONAL NAME | |
| Personal name | Melville, Herman, |
| Dates associated with a name | 1819-1891 |
| General subdivision | Criticism and interpretation |
| -- | Handbooks, manuals, etc. |
| Personal name | Melville, Herman, |
| Dates associated with a name | 1819-1891 |
| General subdivision | Examinations |
| -- | Study guides. |
| 906 ## - LOCAL DATA ELEMENT F, LDF (RLIN) | |
| a | 7 |
| b | cbc |
| c | orignew |
| d | u |
| e | ocip |
| f | 19 |
| g | y-gencatlg |
| 942 ## - ADDED ENTRY ELEMENTS (KOHA) | |
| Source of classification or shelving scheme | Dewey Decimal Classification |
| Koha item type | Books |
| Lost status | Source of classification or shelving scheme | Damaged status | Not for loan | Collection code | Permanent Location | Current Location | Shelving location | Date acquired | Cost, normal purchase price | Total Checkouts | Full call number | Date last seen | Copy number | Koha item type |
|---|---|---|---|---|---|---|---|---|---|---|---|---|---|---|
| Dewey Decimal Classification | Not For Loan | Non-fiction | Central Library, University of Rajshahi | Central Library, University of Rajshahi | Reading Room | 03/10/1973 | 33.00 | 813.3 MIR 1962 | 24/12/2019 | C-1 | Books | |||
| Dewey Decimal Classification | Non-fiction | Central Library, University of Rajshahi | Central Library, University of Rajshahi | 26/01/2020 | 813.3 MIR 1962 | 26/01/2020 | C-2 | Books |